| 000 | 00656nam a2200241Ia 4500 | ||
|---|---|---|---|
| 005 | 20250425162327.0 | ||
| 008 | 250425s9999 xx 000 0 und d | ||
| 020 | _a9978453571 | ||
| 041 | _aspa | ||
| 043 | _aec | ||
| 082 | _a320.9 | ||
| 100 | _aRODRIGUEZ, JAIME | ||
| 245 | 0 | _aESPACIO DE CENTRO Y TERCERA VIA: MONOGRAFÌAS PENSAMIENTO POLÌTICO CONTEMPORÀNEO | |
| 250 | _a1A ED. | ||
| 260 |
_aEcuador _bGOBERNA & DERECHO _c2006 |
||
| 260 |
_aGUAYAQUIL _bGOBERNA & DERECHO |
||
| 300 | _a328 | ||
| 650 | _aBLAIR-POLITICA E IDEAS | ||
| 650 | _aGIDDENS-REFLEXIONES POLITICAS | ||
| 710 | _aGOBERNA & DERECHO | ||
| 942 | _c01 | ||
| 010 | _a62583 | ||
| 999 |
_c226963 _d226963 |
||